Estampas

Guardat en:
Dades bibliogràfiques
Autor principal: Grau, Jacinto (Autor)
Format: Llibre
Idioma:espanyol
Publicat: Buenos Aires Hachette 1941
Col·lecció:Biblioteca de Bolsillo, 27
Matèries:
Etiquetes: Afegir etiqueta
Sense etiquetes, Sigues el primer a etiquetar aquest registre!

MARC

LEADER 00000nam a2200000 a 4500
001 UCZ8282
003 CL-VaPUC
008 960119e19410000AG |||||||||||||||||spa|d
082 0 4 |a 860.9  |b GRA  |2 21 
100 |a Grau, Jacinto  |e author  |9 419618 
245 1 0 |a Estampas 
300 |a 221 p 
942 |c BK 
945 |d 19960119 00:00:00  |a rleighto 
260 |a Buenos Aires  |b Hachette  |c 1941 
600 0 7 |a UNAMUNO, MIGUEL DE  |2 CL-VaPUC  |9 312478 
600 0 7 |a PEREZ GALDOS, BENITO  |2 CL-VaPUC  |9 318144 
600 0 7 |a DARIO, RUBEN  |2 CL-VaPUC  |9 268402 
600 0 |a Miró, Gabriel,  |d 1879-1930  |9 481193 
600 0 |a Cervantes y Saavedra, Miguel de  |9 267947 
600 0 |a García Lorca, Federico   |e autor   |9 315690 
600 0 |a Shakespeare, William  |9 265757 
600 0 |a Goethe, Johann Wolfgang von,  |d 1749-1832  |e autor  |9 265453 
650 0 |a Literatura española  |9 306261 
650 7 |a NOVELA ESPAÑOLA  |2 CL-VaPUC  |9 313139 
650 0 |a Teatro español  |9 265077 
650 0 |a Poesía española  |9 264938 
650 0 |a Crítica e interpretación   |9 255042 
583 |a last modification  |c 19960119 00:00:00  |k Rodrigo Vera 
490 0 |a Biblioteca de Bolsillo, 27 
999 |c 244217  |d 244215 
952 |0 0  |1 0  |4 0  |6 860_900000000000000_GRA_1941  |7 0  |8 A  |9 258201  |a BIBEDU  |b BIBEDU  |d 2019-11-19  |i 3170152  |o 860.9 GRA 1941  |p 3170152  |r 2019-11-19  |w 2019-11-19  |y BK  |k LIT